| 000 | 00798nam a2200205Ia 4500 | ||
|---|---|---|---|
| 003 | GCL | ||
| 008 | 140319s9999 xx 000 0 ara d | ||
| 040 |
_aGCL / _cGCL |
||
| 082 | 0 | 4 |
_a382.09 _bع ن |
| 100 | 1 | _aعبدالمنعم السيد على | |
| 245 | 1 | 0 |
_aنظام النقد الدولى والتجارة الخارجية للبلاد العربية / _cعبدالمنعم السيد على |
| 260 |
_aالكويت : _bكاظمة للنشر والترجمة والتوزيع ، _c1985 |
||
| 300 |
_a143 ص ؛ _c24 سم |
||
| 650 | 0 | 4 | _aالدول النامية |
| 650 | 0 | 4 | _aالتجارة الخارجية |
| 650 | 0 | 4 | _aالنقد الدولى |
| 650 | 0 | 4 | _aالبلاد العربية |
| 650 | 0 | 4 | _aالدول النامية - السياسة الاقتصادية |
| 942 |
_2ddc _cBK |
||
| 999 |
_c1621 _d1621 |
||